[Event "Schleswig Holstein-ch Seniors 63rd"]
[Site "Gross Groenau"]
[Date "2008.03.19"]
[Round "6"]
[White "Schierling, Eckhard"]
[Black "Zachau, Werner"]
[Result "1/2-1/2"]
[WhiteElo "1682"]
[BlackElo "1724"]
[PlyCount "118"]
[EventDate "2008.03.15"]
[EventType "swiss"]
[EventRounds "9"]
[EventCountry "GER"]
[SourceTitle "EXT 2010"]
[Source "ChessBase"]
[SourceDate "2010.11.25"]
[SourceVersion "1"]
[SourceVersionDate "2010.11.25"]
[SourceQuality "1"]

1. e4 g6 2. d4 Bg7 3. Nf3 c5 4. dxc5 Qa5+ 5. c3 Qxc5 6. Be3 Qa5 7. Nbd2 Nf6 8. h3 0-0 9. Bd3 d6 10. 0-0 Nbd7 11. Nb3 Qc7 12. Qd2 Ne5 13. Nxe5 dxe5 14. Rfd1 b6 15. Rac1 Bb7 16. Qc2 Nh5 17. f3 Nf4 18. Bxf4 exf4 19. Nd4 a6 20. Kh1 Rad8 21. Ne2 e5 22. b3 Rc8 23. c4 Rfd8 24. Nc3 Rd4 25. Nd5 Qd8 26. Qb1 Bf8 27. Be2 Bxd5 28. Rxd4 exd4 29. cxd5 b5 30. Rxc8 Qxc8 31. Bd3 Bd6 32. Qc2 Qxc2 33. Bxc2 b4 34. Kg1 Kg7 35. Kf1 Kf6 36. Ke2 Ke5 37. Bd3 a5 38. Kf2 g5 39. Ke2 h6 40. Kf2 f6 41. Ke2 f5 42. Kf2 fxe4 43. fxe4 Kf6 44. Kf3 h5 45. Kf2 g4 46. hxg4 hxg4 47. Ke2 Be5 48. Kf2 Kg6 49. Ke2 Kh5 50. Kf2 Bd6 51. Bf1 Kg5 52. Bd3 Be5 53. Ke2 Bd6 54. Kf2 Kf6 55. Ke2 Ke5 56. Kf2 Be7 57. Kf1 Bh4 58. Ke2 Bg3 59. Bb5 Kxe4 1/2-1/2

[Event "Liechtenstein Seniors op 02nd"]
[Site "Triesen"]
[Date "2002.05.04"]
[Round "2"]
[White "Zachau, Werner"]
[Black "Karl, Hans"]
[Result "0-1"]
[WhiteElo "1817"]
[BlackElo "2221"]
[PlyCount "118"]
[EventDate "2002.05.??"]
[EventType "swiss"]
[EventRounds "9"]
[EventCountry "LIE"]
[SourceTitle "EXT 2006"]
[Source "ChessBase"]
[SourceDate "2005.11.24"]
[SourceVersion "1"]
[SourceVersionDate "2005.11.24"]
[SourceQuality "1"]

1. d4 Nf6 2. g3 d5 3. Bg2 c6 4. Nf3 Bf5 5. 0-0 e6 6. Nbd2 h6 7. c4 Nbd7 8. a3 Bd6 9. Nh4 Bh7 10. c5 Bc7 11. b4 e5 12. dxe5 Nxe5 13. Bb2 0-0 14. Nhf3 Ned7 15. Nd4 Re8 16. Rc1 Ne5 17. b5 Qd7 18. a4 Rad8 19. Qb3 h5 20. b6 axb6 21. cxb6 Bd6 22. a5 Ra8 23. Ra1 Ne4 24. Nxe4 Bxe4 25. f3 Bh7 26. Rfe1 Nc4 27. e4 Nxb2 28. Qxb2 dxe4 29. f4 Bc5 30. Red1 Rad8 31. Ra4 e3 32. Bf3 h4 33. a6 bxa6 34. Be2 hxg3 35. Rc4 gxh2+ 36. Kxh2 Qe7 37. Rxc5 Qxc5 38. b7 Qd6 39. Kg3 Qg6+ 40. Bg4 Qf6 41. Bc8 Rxc8 42. bxc8Q Rxc8 43. Qe2 Qg6+ 44. Kh3 Qe4 45. Kg3 Bg6 46. Qxa6 Rd8 47. Qb6 Re8 48. Nxc6 e2 49. Re1 Qd3+ 50. Kf2 Qh3 51. Ne5 Qh2+ 52. Ke3 Bh5 53. Qc6 Qg3+ 54. Kd2 Rd8+ 55. Nd7 Qxf4+ 56. Kc3 Qe3+ 57. Kc4 Bg4 58. Qc7 Qe6+ 59. Kc5 Qxd7 0-1

[Event "Liechtenstein Seniors op 02nd"]
[Site "Triesen"]
[Date "2002.05.03"]
[Round "1"]
[White "Mani, Martin"]
[Black "Zachau, Werner"]
[Result "0-1"]
[WhiteElo "1633"]
[BlackElo "1817"]
[PlyCount "103"]
[EventDate "2002.05.??"]
[EventType "swiss"]
[EventRounds "9"]
[EventCountry "LIE"]
[SourceTitle "EXT 2006"]
[Source "ChessBase"]
[SourceDate "2005.11.24"]
[SourceVersion "1"]
[SourceVersionDate "2005.11.24"]
[SourceQuality "1"]

1. c4 c5 2. g3 Nc6 3. Bg2 Nf6 4. e3 e6 5. Ne2 Be7 6. 0-0 0-0 7. Nbc3 d5 8. cxd5 exd5 9. d4 c4 10. a3 a6 11. Nf4 Be6 12. Re1 b5 13. b3 cxb3 14. Qxb3 Na5 15. Qd1 Rc8 16. Bd2 Nc4 17. Ra2 Qd7 18. Nd3 Qc7 19. Nb4 Bxb4 20. axb4 Nxd2 21. Nxb5 axb5 22. Qxd2 Qc3 23. Qxc3 Rxc3 24. Ra5 Rb8 25. h3 Rb3 26. Rea1 g5 27. Ra8 Rxa8 28. Rxa8+ Kg7 29. Rb8 Rxb4 30. Bf1 Bd7 31. Rb7 Rb2 32. Bg2 Be6 33. Bf1 b4 34. Bd3 Bxh3 35. Kh2 Be6 36. Kg2 g4 37. Rb6 Ne4 38. Bxe4 dxe4 39. Rb5 b3 40. d5 Bd7 41. Rb4 Rb1 42. Rb7 b2 43. d6 Kf6 44. Rb4 Ke5 45. Kh2 f5 46. f3 gxf3 47. g4 f2 48. Kg3 f1N+ 49. Kh4 Nxe3 50. gxf5 Rh1+ 51. Kg5 b1Q 52. Rxe4+ 0-1

[Event "Liechtenstein Seniors op 01st"]
[Site "Triesen"]
[Date "2001.05.19"]
[Round "2"]
[White "Zachau, Werner"]
[Black "Tochtermann, Georg"]
[Result "1-0"]
[WhiteElo "1816"]
[BlackElo "1905"]
[PlyCount "94"]
[EventDate "2001.05.??"]
[EventType "swiss"]
[EventRounds "9"]
[EventCountry "LIE"]
[SourceTitle "EXT 2006"]
[Source "ChessBase"]
[SourceDate "2005.11.24"]
[SourceVersion "1"]
[SourceVersionDate "2005.11.24"]
[SourceQuality "1"]

1. d4 Nf6 2. Nf3 e6 3. c4 Bb4+ 4. Bd2 a5 5. e3 b6 6. Nc3 Bb7 7. Be2 d6 8. 0-0 0-0 9. a3 Bxc3 10. Bxc3 Ne4 11. Rc1 Nd7 12. Nd2 Ndf6 13. f3 Nxc3 14. Rxc3 Re8 15. e4 e5 16. d5 Nh5 17. Rf2 Bc8 18. g3 Nf6 19. Bf1 h6 20. Bg2 Nh7 21. Qc2 Bd7 22. f4 f6 23. Qd1 Rf8 24. f5 Be8 25. g4 Rb8 26. a4 Rf7 27. b3 Nf8 28. h4 Nh7 29. Nf3 Rf8 30. Qc1 Qe7 31. Bh3 Kh8 32. Rg2 c6 33. g5 fxg5 34. hxg5 Bh5 35. gxh6 gxh6 36. Qxh6 Bxf3 37. Rxf3 cxd5 38. cxd5 Rf6 39. Rg6 Qf8 40. Rxf6 Qxf6 41. Qxf6+ Nxf6 42. Bg2 Rc8 43. Rg3 Rc1+ 44. Kf2 Rc2+ 45. Ke1 Nh5 46. Rh3 Rxg2 47. Rxh5+ Kg7 1-0

[Event "Liechtenstein op 15th"]
[Site "Liechtenstein"]
[Date "1997.??.??"]
[Round "3"]
[White "Goris, Ton"]
[Black "Zachau, Werner"]
[Result "1-0"]
[WhiteElo "2110"]
[BlackElo "1875"]
[PlyCount "71"]
[EventDate "1997.??.??"]
[EventType "swiss"]
[EventRounds "9"]
[EventCountry "LIE"]
[SourceTitle "EXT 1999"]
[Source "ChessBase"]
[SourceDate "1998.11.16"]
[SourceVersion "1"]
[SourceVersionDate "1998.11.16"]
[SourceQuality "1"]

1. e4 c5 2. c3 Nc6 3. d4 b6 4. Nf3 Qc7 5. Na3 a6 6. Be3 e6 7. Nc2 Nf6 8. e5 Nd5 9. c4 Nxe3 10. fxe3 cxd4 11. exd4 d6 12. exd6 Bxd6 13. Bd3 Nb4 14. Nxb4 Bxb4+ 15. Nd2 0-0 16. Qc2 f5 17. 0-0-0 Bb7 18. a3 Be7 19. Kb1 Rad8 20. Nb3 a5 21. d5 a4 22. Nd4 Bc8 23. Nxe6 Bxe6 24. dxe6 g6 25. g4 f4 26. h4 Rd6 27. h5 g5 28. Bxh7+ Kh8 29. Bf5 Qc5 30. Rxd6 Qxd6 31. Rd1 Qe5 32. Qxa4 Bf6 33. Qb4 Qc5 34. Qxc5 bxc5 35. b4 Rb8 36. b5 1-0

[Event "Liechtenstein op 15th"]
[Site "Liechtenstein"]
[Date "1997.??.??"]
[Round "1"]
[White "Lyell, Mark"]
[Black "Zachau, Werner"]
[Result "1-0"]
[WhiteElo "2225"]
[BlackElo "1875"]
[PlyCount "86"]
[EventDate "1997.??.??"]
[EventType "swiss"]
[EventRounds "9"]
[EventCountry "LIE"]
[SourceTitle "EXT 1999"]
[Source "ChessBase"]
[SourceDate "1998.11.16"]
[SourceVersion "1"]
[SourceVersionDate "1998.11.16"]
[SourceQuality "1"]

1. e4 e5 2. Nf3 Nc6 3. d4 exd4 4. Nxd4 Bc5 5. Nf5 g6 6. Ne3 d6 7. Nc3 a6 8. Bd3 Ne5 9. Be2 Be6 10. 0-0 c6 11. Kh1 h5 12. f4 Ng4 13. Nxg4 hxg4 14. Qe1 f5 15. exf5 gxf5 16. Bc4 d5 17. Qxe6+ Ne7 18. Bd3 Qd7 19. Qxd7+ Kxd7 20. g3 Rh5 21. Kg2 Rah8 22. Rh1 b5 23. Bd2 d4 24. Ne2 Nd5 25. c3 Ne3+ 26. Bxe3 dxe3 27. Nd4 Bxd4 28. cxd4 Kd6 29. Be2 Kd5 30. Rac1 R5h6 31. Rc5+ Kd6 32. Rxf5 Kc7 33. Bxg4 Rd8 34. Rd1 Rhd6 35. Re5 Kb6 36. Rxe3 Ka5 37. Bf3 c5 38. d5 c4 39. Re6 R6d7 40. d6 Kb4 41. Bc6 Rh7 42. Re8 Rh8 43. Rxh8 Rxh8 1-0